000 00445nam a2200157Ia 4500
003 OSt
005 20200618152823.0
008 190216s9999||||xx |||||||||||||| ||und||
040 _coclc
082 _a954
_bBHA/H
100 _aBhardwaj, K K
_93062
245 0 _aHistory Of India /
_c K K Bhardwaj
260 _bCompetition Review Pvt Ltd,
_c1988.
_aNewdelhi:
300 _a183p
942 _cBK
_2ddc
_h954
_iBHA/H
_k954
_mBHA/H
999 _c19607
_d19607